Statistics for Miraculous Quiz🎁😜

Click here to take the quiz!

General Stats

  • This quiz has been taken 69 times
  • The average score is 7 of 11

Answer Stats

QuestionAnswer% Correct
who is the female superheroine in red with black spotsLadyBug
100%
who is the person in blackCatNoir
98%
what is viperions secret identityLuca
91%
what is a colour is on almost every single costume hasBlack
89%
how many main Bad guys/Bad guy are there2
70%
which one of these characters are NOT! in miraculousFred
64%
what was the akumatised Villains name in Miraculous united heroesTechnolizer
50%
how many people got a miraculous from LadyBug other than LadyBug and CatNoir8
45%
is there a LEGO set of miraculousyes
43%
how many miracle boxes are there2
41%
which one of these has LadyBug NOT have as a lucky charmMarker
21%

Score Distribution

Percentile by Number Answered

Percent of People with Each Score

Your Score History

You have not taken this quiz